Право и молодежь

Dades bibliogràfiques
Autor principal: Федоров Г. К. Григорий Кириллович
Sumari:Исключено из фонда НТБ ТПУ
Idioma:rus
Publicat: Кишинев, Картя молдовеняскэ, 1988
Format: MixedMaterials Llibre
KOHA link:https://koha.lib.tpu.ru/cgi-bin/koha/opac-detail.pl?biblionumber=263063

MARC

LEADER 00000nam0a2200000 4500
001 263063
005 20231031222257.0
010 |a 5362002694 
035 |a (RuTPU)RU\TPU\book\286048 
090 |a 263063 
100 |a 20140605d1988 k y0rusy50 ca 
101 0 |a rus 
102 |a MD 
105 |a y z 000zy 
200 1 |a Право и молодежь  |f Г. К. Федоров 
210 |a Кишинев  |c Картя молдовеняскэ  |d 1988 
215 |a 218 с. 
333 |a Исключено из фонда НТБ ТПУ 
700 1 |a Федоров  |b Г. К.  |g Григорий Кириллович 
801 1 |a RU  |b 63413507  |c 20140605 
801 2 |a RU  |b 63413507  |c 20220314  |g RCR 
942 |c BK